The Light of the World; (Record no. 5331)
[ view plain ]
| 000 -LEADER | |
|---|---|
| fixed length control field | 00873cam a22002891 4500 |
| 001 - CONTROL NUMBER | |
| control field | 241938 |
| 003 - CONTROL NUMBER IDENTIFIER | |
| control field | GBCCL |
| 005 - DATE AND TIME OF LATEST TRANSACTION | |
| control field | 20241126110539.0 |
| 008 - FIXED-LENGTH DATA ELEMENTS--GENERAL INFORMATION | |
| fixed length control field | 741018s1962 nyu b 001 0 eng |
| 010 ## - | |
| -- | 62007298 |
| 035 ## - SYSTEM CONTROL NUMBER | |
| System control number | (OCoLC)ocm01045339 |
| 035 ## - SYSTEM CONTROL NUMBER | |
| System control number | (OCoLC)1045339 |
| 040 ## - CATALOGING SOURCE | |
| Original cataloging agency | DLC |
| Language of cataloging | eng |
| Transcribing agency | BPS |
| Modifying agency | DLC |
| -- | BTCTA |
| -- | OCLCG |
| -- | CGP |
| -- | CFT |
| -- | OCLCA |
| -- | LBB |
| 049 ## - | |
| -- | LBBT |
| 050 00 - | |
| -- | BR65.A47 |
| -- | P4 |
| 082 04 - DEWEY DECIMAL CLASSIFICATION NUMBER | |
| Classification number | 281.4 |
| Item number | PEL |
| 090 ## - LOCALLY ASSIGNED LC-TYPE CALL NUMBER (OCLC); LOCAL CALL NUMBER (RLIN) | |
| Classification number (OCLC) (R) ; Classification number, CALL (RLIN) (NR) | BR65.A47 |
| Local cutter number (OCLC) ; Book number/undivided call number, CALL (RLIN) | P4 |
| 100 1# - MAIN ENTRY--PERSONAL NAME | |
| Personal name | Pelikan, Jaroslav, |
| Dates associated with a name | 1923-2006. |
| 9 (RLIN) | 9618 |
| 245 14 - TITLE STATEMENT | |
| Title | The Light of the World; |
| Remainder of title | a basic image in early Christian thought. |
| 250 ## - EDITION STATEMENT | |
| Edition statement | [1st ed.] |
| 260 ## - PUBLICATION, DISTRIBUTION, ETC. | |
| Place of publication, distribution, etc. | New York, |
| Name of publisher, distributor, etc. | Harper |
| Date of publication, distribution, etc. | [1962] |
| 300 ## - PHYSICAL DESCRIPTION | |
| Extent | 128 p. ; |
| Dimensions | 20 cm. |
| 504 ## - BIBLIOGRAPHY, ETC. NOTE | |
| Bibliography, etc. note | Includes bibliography. |
| 600 00 - SUBJECT ADDED ENTRY--PERSONAL NAME | |
| Personal name | Athanasius, |
| Titles and other words associated with a name | Saint, Patriarch of Alexandria, |
| Dates associated with a name | -373. |
| 9 (RLIN) | 9619 |
| 650 #0 - SUBJECT ADDED ENTRY--TOPICAL TERM | |
| Topical term or geographic name entry element | Light and darkness in the Bible. |
| 9 (RLIN) | 9620 |
| 942 ## - ADDED ENTRY ELEMENTS (KOHA) | |
| Source of classification or shelving scheme | Dewey Decimal Classification |
| Koha item type | Books |
| Withdrawn status | Lost status | Source of classification or shelving scheme | Damaged status | Not for loan | Home library | Current Library | Shelving location | Date acquired | Total checkouts | Full call number | Barcode | Date last seen | Copy number | Price effective from | Koha item type |
|---|---|---|---|---|---|---|---|---|---|---|---|---|---|---|---|
| Dewey Decimal Classification | GRACE BIBLE COLLEGE | GRACE BIBLE COLLEGE | Church History | 2018-03-14 | 281.4 PEL | 007145 | 2025-05-01 | c.1 | 2018-03-14 | Books |